Don Pedro de Valdivia y su hueste : El proyecto chileno y su ámbito territorial /

La visión que este estudio propone se configura a partir del análisis de las motivaciones que inspiraron tanto la empresa de conquista como la obra de Valdivia y su gente. Este análisis se sostiene en un enfoque geográfico-histórico, pues la acción valdiviana no sólo origina un proceso histórico, qu...

Full description

Bibliographic Details
Main Author: Caviedes B., Héctor
Other Authors: Valpuesta A., Raúl, Cárcamo S. Ulises
Format: Analitica de revista
Language:Spanish
Published: Santiago, Chile Universidad de Chile 1998
Subjects:

MARC

LEADER 00000cab a2200000 a 4500
001 029564
003 UAHC_CL
005 20170803123111.0
008 010822s1998 cl 000 spa
040 |a UAHC_CL  |c UAHC_CL  |d UAHC_CL 
100 1 |a Caviedes B., Héctor 
245 1 0 |a Don Pedro de Valdivia y su hueste :  |b El proyecto chileno y su ámbito territorial /  |c Héctor Caviedes B., Ulises Cárcamo S. y Raúl Valpuesta A. 
260 |b Universidad de Chile  |c 1998  |a Santiago, Chile 
300 |a pp. 51-81 
500 |a En: Cuadernos de Historia, no. 18, 1998. p. 51-81. ISSN 07161832. 
520 |a La visión que este estudio propone se configura a partir del análisis de las motivaciones que inspiraron tanto la empresa de conquista como la obra de Valdivia y su gente. Este análisis se sostiene en un enfoque geográfico-histórico, pues la acción valdiviana no sólo origina un proceso histórico, que se presenta en una dimensión temporal, sino que también, un proceso de reestructuración territorial, que tuvo, por ende, una nítida y definida dimensión espacial. 
650 4 |a VALDIVIA, PEDRO DE  |y 1500-1554 
650 4 |a CONQUISTA  |y SIGLO 16  |z CHILE 
653 |a PEDAGOGIA EN HISTORIA Y CIENCIAS SOCIALES 
700 1 |a Valpuesta A., Raúl 
700 1 |a Cárcamo S. Ulises 
900 |a CUAD. HIST.-18/98 
942 |c REVA 
952 |0 0  |1 0  |4 0  |6 CUAD___HIST_18_98_000000000000000  |7 0  |8 General  |9 58152  |a BC  |b BC  |c General  |d 2017-08-03  |l 0  |o CUAD. HIST.-18/98  |p FICTICIO15122  |r 2019-01-08 00:00:00  |t 1  |w 2017-08-03  |y REVA 
999 |c 29564  |d 29564